000 00451nam a22001691a 4500
999 _c165884
_d165884
082 _a954.003
_bSBB/E
100 _aS B Bhattacherjee
245 _aEncyclopaedia of Indian events and dates/
_cby S B Bhattacherjee.
250 _a4th rev.ed.
260 _aNew Delhi:
_bSterling,
_c1999.
300 _a125p.
650 _aDevelopment India
650 _aEncyclopaedia Indian Events
650 _aHistory India
650 _aHistory
942 _cREF